[Event "Samara Elo 03"]
[Site "Samara"]
[Date "2009.03.??"]
[Round "7"]
[White "Sakletin, Vasily"]
[Black "Strokov, Anatoli"]
[Result "1/2-1/2"]
[WhiteElo "2086"]
[BlackElo "2166"]
[PlyCount "29"]
[EventDate "2009.03.??"]
[EventType "tourn"]
[EventRounds "11"]
[EventCountry "RUS"]
[SourceTitle "EXT 2012"]
[Source "ChessBase"]
[SourceDate "2011.11.24"]
[SourceVersion "1"]
[SourceVersionDate "2011.11.24"]
[SourceQuality "1"]

1. d4 Nf6 2. Nf3 d6 3. e3 Nbd7 4. Be2 g6 5. c4 Bg7 6. Nc3 0-0 7. 0-0 c6 8. Qc2 Qc7 9. b3 Re8 10. Bb2 a6 11. Rac1 e5 12. Rfd1 b6 13. dxe5 dxe5 14. Ba3 Bf8 15. Bxf8 1/2-1/2

[Event "Samara op"]
[Site "Samara"]
[Date "2008.12.11"]
[Round "7"]
[White "Palachev, Petr"]
[Black "Strokov, Anatoli"]
[Result "0-1"]
[WhiteElo "2037"]
[BlackElo "2140"]
[PlyCount "74"]
[EventDate "2008.12.05"]
[EventType "swiss"]
[EventRounds "9"]
[EventCountry "RUS"]
[SourceTitle "CBM 127 Extra"]
[Source "ChessBase"]
[SourceDate "2009.01.08"]
[SourceVersion "2"]
[SourceVersionDate "2009.01.28"]
[SourceQuality "1"]

1. d4 e6 2. Nf3 f5 3. Nc3 d5 4. Bg5 Nf6 5. e3 Nbd7 6. h3 Be7 7. Rg1 c6 8. g4 g6 9. Bf4 Ne4 10. Nxe4 fxe4 11. Nd2 Bf6 12. c3 e5 13. Bg3 exd4 14. cxd4 Qe7 15. Qb3 0-0 16. Be2 Nb6 17. a4 Be6 18. Qa3 Qd8 19. a5 Nc8 20. b4 Nd6 21. Rc1 a6 22. Rg2 Nb5 23. Qb3 Be7 24. Nxe4 Bxb4+ 25. Qxb4 dxe4 26. Be5 Qh4 27. Rg3 Qd8 28. f4 exf3 29. Bxf3 Rf7 30. Ke2 Qd7 31. Rf1 Raf8 32. Rgg1 Ba2 33. Bg2 Qe6 34. Kd3 Rf2 35. Rxf2 Rxf2 36. Bf1 c5 37. Qe1 Bc4+ 0-1

[Event "Samara op"]
[Site "Samara"]
[Date "2008.12.08"]
[Round "4"]
[White "Strokov, Anatoli"]
[Black "Makarov, Yuri A"]
[Result "1/2-1/2"]
[WhiteElo "2140"]
[BlackElo "1904"]
[PlyCount "55"]
[EventDate "2008.12.05"]
[EventType "swiss"]
[EventRounds "9"]
[EventCountry "RUS"]
[SourceTitle "CBM 127 Extra"]
[Source "ChessBase"]
[SourceDate "2009.01.08"]
[SourceVersion "2"]
[SourceVersionDate "2009.01.28"]
[SourceQuality "1"]

1. e4 c6 2. d4 d5 3. Nc3 dxe4 4. Nxe4 Bf5 5. Ng3 Bg6 6. Nf3 Nd7 7. h4 h6 8. h5 Bh7 9. Bd3 Bxd3 10. Qxd3 e6 11. Be3 Qa5+ 12. Bd2 Qc7 13. 0-0-0 Ngf6 14. Kb1 0-0-0 15. Rh4 Bd6 16. Ne4 Nxe4 17. Qxe4 Nf6 18. Qe2 Kb8 19. g3 Ka8 20. Be3 Rhe8 21. c4 c5 22. dxc5 Bxc5 23. Bxc5 Rxd1+ 24. Qxd1 Qxc5 25. Rd4 Rc8 26. b3 a6 27. Kb2 Kb8 28. Qe2 1/2-1/2

[Event "Samara op"]
[Site "Samara"]
[Date "2008.12.07"]
[Round "3"]
[White "Shmyrov, Maxim"]
[Black "Strokov, Anatoli"]
[Result "1/2-1/2"]
[WhiteElo "1943"]
[BlackElo "2140"]
[PlyCount "56"]
[EventDate "2008.12.05"]
[EventType "swiss"]
[EventRounds "9"]
[EventCountry "RUS"]
[SourceTitle "CBM 127 Extra"]
[Source "ChessBase"]
[SourceDate "2009.01.08"]
[SourceVersion "2"]
[SourceVersionDate "2009.01.28"]
[SourceQuality "1"]

1. e4 c5 2. Nc3 Nc6 3. g3 g6 4. d3 Bg7 5. Nge2 e6 6. Bg2 d6 7. 0-0 Nge7 8. Be3 0-0 9. Qd2 Nd4 10. Nd1 Qc7 11. c3 Nxe2+ 12. Qxe2 d5 13. Rc1 b6 14. exd5 Nxd5 15. c4 Nxe3 16. Bxa8 Nxf1 17. Qxf1 Bb7 18. Bxb7 Qxb7 19. Qe2 Rd8 20. Ne3 Qd7 21. Rd1 Qd4 22. b3 h5 23. h4 Bh6 24. Kg2 a5 25. f4 Bg7 26. Qd2 Qd6 27. a4 Qe7 28. Qe2 Qf6 1/2-1/2

[Event "Zhigulevskie prostory op"]
[Site "Samara"]
[Date "2008.07.29"]
[Round "5"]
[White "Ivanov, Vyacheslav I"]
[Black "Strokov, Anatoli"]
[Result "0-1"]
[WhiteElo "2114"]
[BlackElo "2165"]
[PlyCount "62"]
[EventDate "2008.07.25"]
[EventType "swiss"]
[EventRounds "9"]
[EventCountry "RUS"]
[SourceTitle "EXT 2022"]
[Source "ChessBase"]
[SourceDate "2021.10.06"]
[SourceVersion "1"]
[SourceVersionDate "2021.10.06"]
[SourceQuality "1"]

1. Nf3 c5 2. c3 d5 3. d4 e6 4. Bf4 Nc6 5. a3 a5 6. dxc5 Bxc5 7. e3 Nf6 8. Nbd2 0-0 9. Bd3 Re8 10. b4 Bd6 11. Bxd6 Qxd6 12. Nc4 Qc7 13. Ncd2 Rd8 14. 0-0 e5 15. Bb5 e4 16. Nd4 Ng4 17. g3 axb4 18. cxb4 Nxd4 19. exd4 e3 20. fxe3 Nxe3 21. Qc1 Qb6 22. Re1 Nf5 23. Qc5 Qh6 24. Nf3 Be6 25. Qc3 Rac8 26. Qd3 Rc7 27. g4 Nd6 28. g5 Qh5 29. Ba4 Ne4 30. Rxe4 dxe4 31. Qxe4 Bd5 0-1

[Event "Samara Mayak Rating"]
[Site "Samara"]
[Date "2008.03.26"]
[Round "4"]
[White "Pogorelskikh, Sergey"]
[Black "Strokov, Anatoli"]
[Result "1-0"]
[WhiteElo "2283"]
[BlackElo "2204"]
[PlyCount "89"]
[EventDate "2008.03.23"]
[EventType "tourn"]
[EventRounds "9"]
[EventCountry "RUS"]
[SourceTitle "EXT 2022"]
[Source "ChessBase"]
[SourceDate "2021.10.06"]
[SourceVersion "1"]
[SourceVersionDate "2021.10.06"]
[SourceQuality "1"]

1. e4 c5 2. Nc3 Nc6 3. f4 e6 4. Nf3 g6 5. Bb5 Nd4 6. Nxd4 cxd4 7. Ne2 Qb6 8. Bd3 Ne7 9. 0-0 f5 10. exf5 Nxf5 11. Ng3 Nxg3 12. hxg3 Bg7 13. a4 0-0 14. b3 d6 15. Ba3 Bd7 16. Qe2 Rfe8 17. Kh2 Qc7 18. Rae1 a6 19. a5 Rad8 20. Bb4 Bc8 21. Bc4 b5 22. axb6 Qxb6 23. Ba3 Qa5 24. Ra1 d3 25. Bxd3 Bxa1 26. Rxa1 Qb6 27. Bb2 Bb7 28. Bxa6 Ra8 29. Bxb7 Rxa1 30. Bxa1 Qxb7 31. Qc4 Qd5 32. Qxd5 exd5 33. Bd4 Re2 34. c3 Rxd2 35. g4 Kf7 36. b4 Rb2 37. f5 h5 38. gxh5 gxf5 39. Kg3 Kg8 40. Kf4 Rxg2 41. Kxf5 Kf7 42. b5 Rh2 43. Kg4 Rg2+ 44. Kh3 Rg8 45. b6 1-0

[Event "Russia CC-ch"]
[Site "Russia"]
[Date "2007.03.20"]
[Round "3"]
[White "Ostashevsky, Gennady"]
[Black "Strokov, Anatoli"]
[Result "1-0"]
[WhiteElo "2167"]
[BlackElo "2244"]
[PlyCount "43"]
[EventDate "2007.03.17"]
[EventType "tourn"]
[EventRounds "9"]
[EventCountry "RUS"]
[SourceTitle "EXT 2008"]
[Source "ChessBase"]
[SourceDate "2007.11.25"]
[SourceVersion "1"]
[SourceVersionDate "2007.11.25"]
[SourceQuality "1"]

1. Nf3 f5 2. g3 Nf6 3. Bg2 d5 4. c4 c6 5. b3 Nbd7 6. Bb2 e6 7. 0-0 Bd6 8. d3 Qe7 9. Nc3 f4 10. e3 fxe3 11. fxe3 0-0 12. Qe2 Ba3 13. Bxa3 Qxa3 14. Rac1 Qa5 15. d4 Re8 16. Qd2 Qd8 17. Rfe1 b5 18. cxb5 cxb5 19. Nxb5 Ne4 20. Qd3 Ba6 21. Ne5 Nxe5 22. dxe5 1-0

[Event "IBCA Wch blind 10th"]
[Site "Istanbul"]
[Date "2002.11.26"]
[Round "7"]
[White "Antonini, Franco"]
[Black "Strokov, Anatoli"]
[Result "1-0"]
[WhiteElo "1800"]
[BlackElo "2220"]
[PlyCount "97"]
[EventDate "2002.11.20"]
[EventType "swiss"]
[EventRounds "9"]
[EventCountry "TUR"]
[SourceTitle "EXT 2004"]
[Source "ChessBase"]
[SourceDate "2003.11.25"]
[SourceVersion "1"]
[SourceVersionDate "2003.11.25"]
[SourceQuality "1"]

1. e4 c5 2. Nc3 d6 3. g3 Nc6 4. Bg2 g6 5. d3 Bg7 6. Nge2 e6 7. Be3 Nge7 8. Qd2 Nd4 9. h4 h5 10. Nd1 d5 11. c3 Nxe2 12. Qxe2 d4 13. cxd4 cxd4 14. Bd2 e5 15. f4 Bg4 16. Qf2 Qd7 17. 0-0 0-0 18. fxe5 Nc6 19. Bg5 Nxe5 20. Qd2 Rac8 21. Nf2 Be6 22. Rac1 Kh7 23. Kh2 Qb5 24. b3 a5 25. Bf4 b6 26. Bxe5 Qxe5 27. Rxc8 Rxc8 28. Nh3 f6 29. Nf4 Bh6 30. Qe2 Bg4 31. Qf2 Bg7 32. Nd5 Rc6 33. Bh3 Bxh3 34. Kxh3 f5 35. Qf3 fxe4 36. dxe4 Qe6+ 37. Kg2 b5 38. Rf2 b4 39. Kh2 Rc8 40. Nf4 Qd6 41. Nxh5 gxh5 42. Qf5+ Qg6 43. Qxc8 Be5 44. Rf3 Qxe4 45. Qf5+ Qxf5 46. Rxf5 Bg7 47. Rxh5+ Kg6 48. Rg5+ Kf7 49. Rxg7+ 1-0

[Event "IBCA Wch blind 10th"]
[Site "Istanbul"]
[Date "2002.11.24"]
[Round "5"]
[White "Kuhlmann, Hans Peter"]
[Black "Strokov, Anatoli"]
[Result "1-0"]
[WhiteElo "2120"]
[BlackElo "2220"]
[PlyCount "150"]
[EventDate "2002.11.20"]
[EventType "swiss"]
[EventRounds "9"]
[EventCountry "TUR"]
[SourceTitle "EXT 2004"]
[Source "ChessBase"]
[SourceDate "2003.11.25"]
[SourceVersion "1"]
[SourceVersionDate "2003.11.25"]
[SourceQuality "1"]

1. c4 f5 2. Nf3 Nf6 3. Nc3 e6 4. g3 c6 5. Bg2 d5 6. cxd5 exd5 7. d4 Bd6 8. Bf4 Be7 9. Ne5 0-0 10. Bg5 Na6 11. 0-0 Nc7 12. f3 Ne6 13. Be3 Bd6 14. Bf2 Qe8 15. Nd3 Rb8 16. e4 fxe4 17. fxe4 dxe4 18. Nxe4 Nxe4 19. Bxe4 Ng5 20. Bg2 Nh3+ 21. Kh1 Nxf2+ 22. Nxf2 Be6 23. d5 cxd5 24. Bxd5 Bc7 25. Qb3 Bxd5+ 26. Qxd5+ Qf7 27. Qxf7+ Rxf7 28. Ne4 Re7 29. Rac1 Rd8 30. Rc2 h6 31. Nc5 Bb6 32. Na4 Ba5 33. Rf5 Bb4 34. a3 Rd2 35. Rxd2 Bxd2 36. Rd5 Bc1 37. Rd8+ Kh7 38. Rc8 Be3 39. Kg2 Bd4 40. Rc2 a6 41. Kf3 Re3+ 42. Kf4 Rb3 43. Ke4 Bf6 44. Kd5 b5 45. Nc5 Rxb2 46. Rxb2 Bxb2 47. Nxa6 Bxa3 48. Nc7 b4 49. Kc4 Kg6 50. Ne8 Kf7 51. Nc7 Ke7 52. h3 Kd7 53. Nd5 Kd6 54. Nf4 Ke5 55. Nh5 g6 56. Nf4 Kf5 57. Kb3 Bc1 58. Nd3 Bd2 59. Kc2 Bc3 60. Nf2 h5 61. Kb3 Ke5 62. Kc4 Bd2 63. g4 h4 64. Kd3 Be1 65. Ne4 Kf4 66. Nc5 Kg3 67. Ke2 Bc3 68. Nb3 Kxh3 69. Kf3 g5 70. Nc1 Kh2 71. Kf2 Bd4+ 72. Kf1 Bc5 73. Nd3 Be3 74. Nxb4 Kg3 75. Nd5 Bf4 1-0

[Event "IBCA WorldCup 3rd"]
[Site "Logrono"]
[Date "1998.02.21"]
[Round "5.4"]
[White "Tatarczak, Jan"]
[Black "Strokov, Anatoli"]
[Result "1/2-1/2"]
[WhiteElo "2125"]
[BlackElo "2240"]
[PlyCount "47"]
[EventDate "1998.02.17"]
[EventType "team"]
[EventRounds "9"]
[EventCountry "ESP"]
[SourceTitle "EXT 2005"]
[Source "ChessBase"]
[SourceDate "2004.11.15"]
[SourceVersion "1"]
[SourceVersionDate "2004.11.15"]
[SourceQuality "1"]

1. c4 Nf6 2. Nc3 e5 3. g3 d5 4. cxd5 Nxd5 5. Bg2 Nb6 6. Nf3 Nc6 7. d3 Be7 8. 0-0 0-0 9. Be3 Be6 10. Na4 Nd5 11. Bc5 Bd6 12. Qc1 Qd7 13. Ng5 Nd4 14. Bxd4 Qxa4 15. Bc5 Qd7 16. Nxe6 Qxe6 17. a4 c6 18. a5 a6 19. Ra4 Bxc5 20. Qxc5 Rad8 21. Rh4 Nf6 22. Rc4 Rd7 23. Rfc1 Rfd8 24. Rh4 1/2-1/2